| 000 | 00761cam a2200253 4500500 | ||
|---|---|---|---|
| 005 | 20260329004708.0 | ||
| 041 | _afre | ||
| 042 | _adc | ||
| 100 | 1 | 0 |
_aLarmagnac-Matheron, Octave _eauthor |
| 245 | 0 | 0 | _aCatherine Malabou : “Les cryptomonnaies remettent en cause l’idée d’État” |
| 260 | _c2020. | ||
| 500 | _a65 | ||
| 690 | _aBitcoin | ||
| 690 | _aCatherine Malabou | ||
| 690 | _aChine | ||
| 690 | _aConfiance | ||
| 690 | _aCryptomonnaie | ||
| 690 | _aDollars | ||
| 690 | _aÉtat | ||
| 690 | _aMonnaie | ||
| 690 | _aTransparence | ||
| 786 | 0 | _nPhilosophie magazine | 144 | 11 | 2020-11-01 | p. 16-17 | 1951-1787 | |
| 856 | 4 | 1 | _uhttps://shs.cairn.info/magazine-philosophie-magazine-2020-11-page-16?lang=fr&redirect-ssocas=7080 |
| 999 |
_c1836359 _d1836359 |
||